| 000 | 00419nam a22001577a 4500 | ||
|---|---|---|---|
| 003 | OSt | ||
| 005 | 20250522174732.0 | ||
| 008 | 250522b |||||||| |||| 00| 0 eng d | ||
| 082 |
_a755.945 _bNAIE |
||
| 100 | _aNair, Uma | ||
| 245 | _aEdge art konsult: The art gallery for contemporary art, Surendra Pal Joshi | ||
| 260 |
_aNew Delhi _bVisuals art gallery |
||
| 546 | _aEnglish | ||
| 651 | _aEnglish | ||
| 942 |
_2ddc _cBK |
||
| 999 |
_c3804 _d3804 |
||